Statistics for Most-Guessed Members of Groups

Click here to take the quiz!

General Stats

  • This quiz has been taken 80 times
  • The average score is 12 of 16

Answer Stats

Category% GuessedAnswer% Correct
Planets98Earth
100%
Seasons99Spring
99%
Three-Letter Body Parts92Eye
95%
Countries that End in "Stan"87Pakistan
93%
Playing Cards Suits92Hearts
88%
Biggest Caribbean Islands53Jamaica
84%
WWII Allied Leaders80Winston Churchill
81%
Countries That Border Turkey77Greece
70%
Canadian Provinces63Quebec
70%
Stages of Grief62Denial
67%
Parts of Speech67Verb
62%
Poker Hands75Flush
60%
Deadly Sins69Greed
58%
Baseball Positions72Pitcher
56%
Fellowship of the Ring63Frodo
48%
Teenage Mutant Ninja Turtles80Michelangelo
48%

Score Distribution

Percentile by Number Answered

Percent of People with Each Score

Your Score History

You have not taken this quiz